Kluby piłkarskie z Ligue 1 - Statystyki

Ogólne statystyki
  • Ten quiz został rozwiązany 77 razy
  • Średni wynik to 4 z 20
Statystyki odpowiedzi
Lp. Klub Liczba punktów % Poprawnych
1. Paris Saint-Germain 68
100%
9. AS Monaco 40
61%
7. Olympique Lyon 40
53%
2. Olympique Marsylia 56
50%
3. Stade Rennes 50
22%
6. OGC Nice 41
18%
4. OSC Lille 49
14%
5. Reims 41
14%
13. FC Nantes 37
13%
17. AS Saint-Etienne 30
10%
14. Brest 34
8%
12. Girondins Bordeaux 37
7%
20. Toulouse FC 13
7%
10. Angers SCO 39
6%
15. FC Metz 34
6%
18. Nimes Olympique 27
3%
11. RC Strasbourg 38
3%
19. Amiens SC 23
1%
8. Montpellier HSC 40
1%
16. Dijon FCO 30
0%
Nie znaleziono quizów pasujących do podanych kryteriów
Rozkład punktacji
Procent ludzi z każdym wynikiem
Percentyl według liczby udzielonych odpowiedzi
Twoja historia wyników
Nie rozwiązałeś tego quizu